[Event "Catalunya-chT"]
[Site "Spain"]
[Date "1998.??.??"]
[Round "2"]
[White "Marrades Puig, JM."]
[Black "Garrido Fernandez, Daniel"]
[Result "0-1"]
[WhiteElo "1960"]
[BlackElo "2310"]
[PlyCount "74"]
[EventDate "1998.01.??"]
[EventType "team"]
[EventRounds "9"]
[EventCountry "ESP"]
[SourceTitle "EXT 2003"]
[Source "ChessBase"]
[SourceDate "2002.11.25"]
[SourceVersion "1"]
[SourceVersionDate "2002.11.25"]
[SourceQuality "1"]

1. e4 c5 2. Nf3 Nc6 3. d4 cxd4 4. Nxd4 g6 5. Nc3 Bg7 6. Be3 Nf6 7. Bc4 0-0 8. Bb3 a5 9. f3 d5 10. exd5 Nb4 11. Ndb5 a4 12. Bc4 Bf5 13. Nd4 Rc8 14. Nxf5 gxf5 15. Qe2 a3 16. 0-0-0 axb2+ 17. Kb1 Qc7 18. Rd4 Nd7 19. Rhd1 Qa5 20. Nb5 Nb6 21. Bb3 Rxc2 22. Qe1 Rc5 23. Qg3 Kh8 24. Rh4 Rc1+ 25. Bxc1 bxc1Q+ 26. Rxc1 Qxb5 27. Qh3 Qd3+ 28. Bc2 Nxc2 29. Rxh7+ Kg8 30. Rxg7+ Kxg7 31. Qg3+ Kf6 32. Qh4+ Ke5 33. Qxe7+ Kxd5 34. Qxb7+ Ke5 35. Qe7+ Kd5 36. Qxf8 Na3+ 37. Kb2 Na4+ 0-1